Jungle tales physicians in the jungle / (Record no. 30071)

MARC details
000 -LEADER
fixed length control field 00860nam a2200241 a 4500
005 - DATE AND TIME OF LATEST TRANSACTION
control field 20090905151934.0
008 - FIXED-LENGTH DATA ELEMENTS--GENERAL INFORMATION
fixed length control field 060731s1999 nyua b 000 0 eng d
010 ## - LCCN (DPL NO)
LC control number B-357051
020 ## - INTERNATIONAL STANDARD BOOK NUMBER
International Standard Book Number 9788126417858
Terms of availability 60.00
035 ## - SYSTEM CONTROL NUMBER
System control number B-357051
037 ## - SOURCE OF ACQUISITION
Source of stock number/acquisition DBAD / PUB
040 ## - CATALOGING SOURCE
Original cataloging agency dpl
Language of cataloging English
082 ## - DEWEY DECIMAL CLASSIFICATION NUMBER
Classification number S
100 ## - MAIN ENTRY--PERSONAL NAME
Personal name John, Mini
245 ## - TITLE STATEMENT
Title Jungle tales physicians in the jungle /
Statement of responsibility, etc by Mini John; illustrated by K.R. Raji
260 ## - PUBLICATION, DISTRIBUTION, ETC. (IMPRINT)
Place of publication, distribution, etc Kerala
Name of publisher, distributor, etc DC Books
Date of publication, distribution, etc 2008
270 ## - ADDRESS
Address DC Kizhakemuri Deam,good Shepherd Street, Kottayam
City Kerala
Postal code 686001
300 ## - PHYSICAL DESCRIPTION
Extent 29p.:
Dimensions 23cm(pbk)
Other physical details col. ill.
650 ## - SUBJECT ADDED ENTRY--TOPICAL TERM
Source of heading or term Jungle animals
General subdivision Fiction
700 ## - ADDED ENTRY--PERSONAL NAME
Personal name Raji, K.R.
942 ## - ADDED ENTRY ELEMENTS (KOHA)
Source of classification or shelving scheme Dewey Decimal Classification
Item type Children Books
Call number suffix JOH
Classification part S
Holdings
Withdrawn status Lost status Source of classification or shelving scheme Damaged status Not for loan Collection code Home library Current library Date acquired Source of acquisition Cost, normal purchase price Total Checkouts Full call number Barcode Date last seen Copy number Cost, replacement price Koha item type
    Dewey Decimal Classification     Fiction Janak Puri Janak Puri 05/09/2009 DBAD / PUB 60.00 9 S JOH B-357051 21/10/2011 1 60.00 Children Books

© Delhi Public Library
Hit Counter
free hit counter